000 00316nam a2200121Ia 4500
008 220203s9999 xx 000 0 und d
041 _aMalayalam
100 _aSajen Peter
245 0 _aKarshakarkku Snehapoorvam
260 _bRubber Research Institute of India
_aKottayam
_c2008
650 _aExtension
942 _cPN
999 _c45077
_d45077